La dama boba / (Record no. 118752)

MARC details
000 -LEADER
fixed length control field 00499nam a22001697a 4500
005 - DATE AND TIME OF LATEST TRANSACTION
control field 20160803094026.0
008 - FIXED-LENGTH DATA ELEMENTS--GENERAL INFORMATION
fixed length control field 140509t mx||||| |||| 00| 0 spa d
020 ## - INTERNATIONAL STANDARD BOOK NUMBER
International Standard Book Number 9681509102
050 04 - LIBRARY OF CONGRESS CALL NUMBER
Classification number PQ6439
Item number D36 1997
100 1# - MAIN ENTRY--PERSONAL NAME
Personal name Vega Carpio, Lope Felix de.
Dates associated with a name 1562-1635
245 13 - TITLE STATEMENT
Title La dama boba /
Statement of responsibility, etc Lope de Vega
250 ## - EDITION STATEMENT
Edition statement 1a ed.
260 ## - PUBLICATION, DISTRIBUTION, ETC. (IMPRINT)
Place of publication, distribution, etc México :
Name of publisher, distributor, etc Editores Mexicanos,
Date of publication, distribution, etc 1997
300 ## - PHYSICAL DESCRIPTION
Extent 158 p ;
Dimensions 18 cm.
650 #7 - SUBJECT ADDED ENTRY--TOPICAL TERM
Source of heading or term Lemb
Topical term or geographic name as entry element Drama español
Chronological subdivision Periodo clasico 1500-1700
942 ## - ADDED ENTRY ELEMENTS (KOHA)
Source of classification or shelving scheme Biblioteca del Cogreso de los Estados Unidos
Koha item type Libro
Holdings
Estado de pérdida Fuente de clasificación Estado del daño No para préstamo Ubicación permanente Ubicación actual Apartado o colección Fecha de adquisición Fuente de adquisición Edición Enumeración de Serie / Cronológica Área del conocimiento Clasificación Código de Barras Date last seen Número de copia Tipo de recurso Nota pública
  Biblioteca del Cogreso de los Estados Unidos     Biblioteca de la Facultad de Letras Biblioteca de la Facultad de Letras General 02/08/2016 Unidad Académica 1a ed. LLH000008278 Educación y Humanidades PQ6439 D36 1997 LLH000008278 02/08/2016 C:1 Libro General
  Biblioteca del Cogreso de los Estados Unidos     Biblioteca de la Facultad de Letras Biblioteca de la Facultad de Letras General 03/08/2016 Unidad Académica 1a ed. LLH000008279 Educación y Humanidades PQ6439 D36 1997 LLH000008279 03/08/2016 C:2 Libro General
  Biblioteca del Cogreso de los Estados Unidos     Biblioteca de la Facultad de Letras Biblioteca de la Facultad de Letras General 03/08/2016 Unidad Académica 1a ed. LLH000008280 Educación y Humanidades PQ6439 D36 1997 LLH000008280 03/08/2016 C:3 Libro General